Catálogo público

Peach leaf-curl (Record no. 60149)

MARC details
000 -CABECERA
campo de control de longitud fija 01020nam a22003137a 4500
003 - IDENTIFICADOR DEL NÚMERO DE CONTROL
campo de control CHAP
005 - FECHA Y HORA DE LA ÚLTIMA TRANSACCIÓN
campo de control 20220329140936.0
008 - DATOS DE LONGITUD FIJA--INFORMACIÓN GENERAL
campo de control de longitud fija 971013s1983 r 00010 d
010 ## - NÚMERO DE CONTROL DE LA BIBLIOTECA DEL CONGRESO
Número de control de LC 60149
011 ## - ENLACE DEL NUMERO DE CONTROL DE LA BIBLIOTECA DEL CONGRESO [OBSOLETO]
Número de control de LC 61121
035 ## - NÚMERO DE CONTROL DEL SISTEMA
Número de control de sistema 65285
040 ## - FUENTE DE LA CATALOGACIÓN
Centro/agencia transcriptor CHAP
090 ## - LOCALMENTE ASIGNADO TIPO-LC NÚMERO DE CLASIFICACIÓN (OCLC); NÚMERO DE CLASIFICACIÓN LOCAL (RLIN)
Número de clasificación (OCLC) (R) ; Numero de clasificación, CALL (RLIN) (NR) Folleto 14666
100 00 - ENTRADA PRINCIPAL--NOMBRE DE PERSONA
Nombre de persona Roberts, W. P.
9 (RLIN) 97945
245 ## - MENCIÓN DE TÍTULO
Título Peach leaf-curl
260 ## - PUBLICACIÓN, DISTRIBUCIÓN, ETC.
Lugar de publicación, distribución, etc. Ontario :
Nombre del editor, distribuidor, etc. Ministry of Agriculture and Food,
Fecha de publicación, distribución, etc. 1983
300 ## - DESCRIPCIÓN FÍSICA
Extensión 2 p.
490 ## - MENCIÓN DE SERIE
Mención de serie Canadá. Ministry of Agriculture and Food. Factsheet
Designación de volumen o secuencia ; 212
590 ## - NOTA LOCAL (RLIN)
Nota local BATCH-UPD
Procedencia (VM) [OBSOLETO] 10
Condición del los carretes individuales (VM) [OBSOLETO] 20130110
-- UCH01
-- 0433
590 ## - NOTA LOCAL (RLIN)
Nota local BATCH-UPD
Procedencia (VM) [OBSOLETO] 10
Condición del los carretes individuales (VM) [OBSOLETO] 20130410
-- UCH01
-- 0108
590 ## - NOTA LOCAL (RLIN)
Nota local BATCH-UPD
Procedencia (VM) [OBSOLETO] 10
Condición del los carretes individuales (VM) [OBSOLETO] 20130914
-- UCH01
-- 0831
590 ## - NOTA LOCAL (RLIN)
Nota local CONVERSION
Procedencia (VM) [OBSOLETO] 10
Condición del los carretes individuales (VM) [OBSOLETO] 20130109
-- UCH01
-- 1332
650 14 - PUNTO DE ACCESO ADICIONAL DE MATERIA--TÉRMINO DE MATERIA
Término de materia o nombre geográfico como elemento de entrada Durazno
Subdivisión general Enfermedades.
9 (RLIN) 34594
830 0# - PUNTO DE ACCESO ADICIONAL DE SERIE-TÍTULO UNIFORME
Título uniforme Canadá. Ministry of Agriculture and Food. Factsheet
Designación de volumen o secuencia ; 212
9 (RLIN) 18245
901 ## - ELEMENTOS DE DATOS A LOCAL LDA (RLIN)
a BK
942 ## - ELEMENTOS DE PUNTO DE ACCESO ADICIONAL (KOHA)
Tipo de ítem Koha Folleto
949 ## - PROCESAMIENTO DE INFORMACIÓN LOCAL (OCLC)
a Folleto 14666
b BC
c FOLL
d -145284
e TS1
i 65285
s i
949 ## - PROCESAMIENTO DE INFORMACIÓN LOCAL (OCLC)
a Folleto 14666
b BC
c FOLL
d -145285
e TS2
f c.2
i 65285
s i
Holdings
Estado de retiro Estado de pérdida Fuente del sistema de clasificación o colocación Estado dañado Restricciones de uso No para préstamo Código de colección Localización permanente Ubicación/localización actual Ubicación en estantería Fecha de adquisición Información codificada de la localización en otra ubicación Total de préstamos Signatura topográfica completa Código de barras Fecha visto por última vez Precio válido a partir de Tipo de ítem Koha Número de copia
    Clasificación Universidad Autónoma de Chapingo   Préstamo interno   Folletos Biblioteca Central Biblioteca Central Planta alta - Área de Tesis - Folletos 17/12/2012 FOLL   Folleto 14666 -145284 31/12/2019 17/12/2012 Folleto  
    Clasificación Universidad Autónoma de Chapingo   Préstamo 3 días   Folletos Biblioteca Central Biblioteca Central Planta alta - Área de Tesis - Folletos 17/12/2012 FOLL   Folleto 14666 -145285 31/12/2019 17/12/2012 Folleto c.2